Egyensúlyfejlesztő tréning hatása az egyensúlyi paraméterekre a fiatal kosárlabdázóknál

Elmentve itt :
Bibliográfiai részletek
Szerző: Páli Katalin Lídia
További közreműködők: Pósa Gabriella (Témavezető)
Dokumentumtípus: Szakdolgozat
Megjelent: 2014
Tárgyszavak:
Online Access:http://diploma.bibl.u-szeged.hu/93285
LEADER 00699nta a2200181 i 4500
001 dipl93285
005 20201009063038.0
008 201009s2014 hu om 0|| zxx d
040 |a SZTE Diploma Repozitórium  |b hun 
041 |a zxx 
100 1 |a Páli Katalin Lídia 
245 1 0 |a Egyensúlyfejlesztő tréning hatása az egyensúlyi paraméterekre a fiatal kosárlabdázóknál  |h [elektronikus dokumentum] /  |c Katalin Lídia Páli 
260 |c 2014 
650 4 |a Orvos- és egészségtudományok 
650 4 |a Medical and health sciences 
650 4 |a Health sciences 
700 1 |a Pósa Gabriella  |e ths 
856 4 0 |u http://diploma.bibl.u-szeged.hu/id/eprint/93285/1/2014_pali_katalin_lidia.pdf  |z Dokumentum-elérés